| 000 | 01022nam a2200253 i 4500 | ||
|---|---|---|---|
| 001 | 53555 | ||
| 003 | ES-MaACL | ||
| 005 | 20230906162804.0 | ||
| 007 | t| | ||
| 008 | 031103s1997 sp ||||0| spa j | ||
| 020 | _a84-921503-7-8 | ||
| 040 |
_aM-BN _bspa _cM-BN |
||
| 080 | _a929.52 Fliedner | ||
| 080 | _a284(460)(091) | ||
| 245 | 0 | 0 |
_aMemorias de la familia Fliedner _b: más de 100 años al servicio del protestantismo en España / _cinvestigación, selección, prólogo, introducción y notas, Ana Rodríguez Domingo ; con la colaboración de Fundación Federico Fliedner, Consejo Evangélico de Madrid. |
| 260 |
_aRubí (Barcelona) : _bGayata, _c[1997] |
||
| 300 |
_a667 p : _bil ; _c22 cm + _e1 árbol genealógico. |
||
| 600 | 1 | 4 |
_aFliedner (Familia) _951214 |
| 650 | 1 | 4 |
_aEvangelismo- _zEspaña- _vHistoria. _912616 |
| 700 | 1 |
_aRodríguez Domingo, Ana. _998497 |
|
| 710 | 2 |
_aFundación Federico Fliedner. _94296 |
|
| 710 | 2 |
_aConsejo Evangélico de Madrid. _93211 |
|
| 852 |
_aES-MaACL _jL-26583 _bR.132018 |
||
| 999 |
_c53555 _d53555 |
||